000 00749nam a2200193Ii 4500
003 JO-AjNU
008 230605s9999||||xx |||||||||||||| ||und||
040 _aJO-AjNU
_bara
_erda
_cJO-AjNU
041 _aara
050 1 4 _aJQ1825.J62 2017
100 3 _aالهيئة المستقلة للإنتخابات,
_eauthor
_957447
245 0 0 _aالأطلس الإنتخابي للإنتخابات البلدية ومجالس المحافظات، 2017
264 3 1 _aعمان: الهيئة المستقلة للإنتخابات، 2017
300 _a469ص
336 _atext
_btxt
_2rdacontent
337 _aunmediated
_bn
_2rdamedia
338 _avolume
_bnc
_2rdacarrier
650 4 _aالادارة المحلية- الاردن- الانتخابات
_957448
999 _aA25746
_c29314
_d29314